| 000 | 00586nam a2200205 a 4500 | ||
|---|---|---|---|
| 001 | 5912 | ||
| 003 | CDMR | ||
| 005 | 20131010153933.0 | ||
| 008 | 130220s1995||||||||||||||||||||||||||||d | ||
| 020 | _a842974049X | ||
| 040 |
_aCDMR _bcat _cCDMR |
||
| 100 | 1 |
_aCatalà Roca, Francesc _9295 |
|
| 245 | 1 | 0 |
_aImpressions d'un fotògraf _b: memòries _cFrancesc Català-Roca |
| 260 |
_aBarcelona _bEdicions 62 _c1995 |
||
| 300 |
_a198 p ; _c15 cm |
||
| 490 | 0 |
_aBiografies i memòries _v25 |
|
| 650 | 0 | 4 |
_aPeriodistes catalans _vBiografia _93139 |
| 650 | 0 | 4 |
_aFotoperiodisme _91270 |
| 942 |
_cMON _2udc |
||
| 999 |
_c5912 _d5912 |
||